000 00679nam a22002177a 4500
003 UA-OsUOA
001 64813
007 ta
008 20091110b un ||||| |||| 00| 0 ukr d
100 _aЮрчишин І.
090 _a330(477)
_bЮ83
942 _cSA
040 _aUA-OsUOA
_bukr
_cUA-OsUOA
_dUA-OsUOA
245 _aДослідження регіональних аспектів соціально-економічного розвитку України
300 _aС.39-45
955 _a0
041 _aukr
080 _a330(477)
773 0 _w64796
_tУкраїна: аспекти праці
_dК.
_d2009
_g5
650 7 _a330 Економіка взагалі
_2UDC
999 _c350915
_d350915